| Registos Bibliográficos associados ao registo de autoridade |
|
Etiqueta de registo: 00254nam 2200025 450 001 2286994 003 http://id.bnportugal.gov.pt/bib/catbnp/2286994 100 ## $a20260527d1684 m y0pory01030103ba 101 0# $alat 102 ## $aIT 105 ## $ay z 000yy 106 ## $ar 200 1# $aR. P. Famiani Stradae Romani è Societate Jesu Eloquentia bipartita$ePars prior Prolusiones Academicas, sive Prolixiores exhibet Orationes, ad facultatem
Oratoriam, Poëticam, Historicam què spectantes$eAltera Paradigmata Eloquentiae brevioris proponit...$eExcerpta ex Decade Prima & Secunda Historiae de Bello Belgico ejusdem Auctoris 210 #9 $aVenetiis$csumptibus Combi, & Lanouii,$d1684 215 ## $a[12], 454, [32], 118, [8] p.$d12º (16 cm) 306 ## $aMarca do impressor na f. de rosto de cada parte 307 ## $aCada parte com f. de rosto e pagin. próprias 307 ## $aAssin.: *//⁶, A-Bb//12, Cc//6 321 ## $aICCU IT\ICCU\TO0E\004415 327 11 $aCom f. de rosto e pagin. próprias: Prolusionum R. P. Famiani Stradae Romani è Societ.
Jesu Pars altera siue Paradigmata Eloquentiae... - Venetiis : sumptibus Combi, & Lanouii,
1684. - 118, [8] p. 500 10 $aProlusiones Academicas 500 10 $aParadigmata eloquentiae 620 ## $dVeneza 700 #1 $aStrada,$bFamiano,$f1572-1649,$cS.J.$3143692 702 #1 $aCombi,$bSebastiano,$c[II],$ffl. 1652-1696$4610$31999426 702 #1 $aLa Noù,$bGiovanni,$ffl. 1654-1701$4610$3207980 801 #0 $aPT$bBN$gRPC 856 40 $2Cópia digital disponível em Google Books$uhttps://www.google.pt/books/edition/R_P_Famiani_Strad%C3%A6_Romani_%C3%A8_Societate/l0OmemMWQ10C?hl=it&gbpv=1&pg=PP7&printsec=frontcover 966 ## $lBN$mFGMON$sR. 24692 P.$x0 971 ## $cpmesqui$d20260527 997 ## $aBIBEOD
|
|
|